[Event "Liga Madrileña - DH 2018-2019"]
[Site "Madrid ESP"]
[Date "2019.01.27"]
[Round "7.2"]
[White "Moreno Ibañez, Miguel"]
[Black "Rubio Mejia, Luis Ignacio"]
[Result "1/2-1/2"]
[WhiteElo "2275"]
[BlackElo "2440"]
[PlyCount "84"]
[EventDate "2018.11.18"]
[EventType "team-tourn"]
[EventRounds "14"]
[EventCountry "ESP"]
[SourceTitle "Ajedrez en Madrid"]
[Source "lmi"]
[SourceDate "2018.11.18"]
[SourceVersion "1"]
[SourceVersionDate "2019.04.02"]
[SourceQuality "1"]
[WhiteTeam "Liberty Chess"]
[BlackTeam "Virgen de Atocha"]
[WhiteTeamCountry "ESP"]
[BlackTeamCountry "ESP"]

1. e4 c5 2. Nf3 e6 3. b3 a6 4. Bb2 Nc6 5. Qe2 d6 6. g3 Nf6 7. Bg2 Bd7 8. O-O
Rc8 9. d4 cxd4 10. Nxd4 Be7 11. Re1 O-O 12. Nxc6 Bxc6 13. c4 b5 14. cxb5 axb5
15. a3 d5 16. e5 Nd7 17. b4 Nb6 18. Bd4 Nc4 19. Nd2 Qc7 20. f4 Ra8 21. Nb3 Nxa3
22. Nc5 Nc4 23. g4 Rxa1 24. Rxa1 Ra8 25. Rf1 Bxc5 26. Bxc5 d4 27. Bxd4 Rd8 28.
Bf2 Bxg2 29. Kxg2 Qc6+ 30. Kg3 Rd2 31. Qf3 Qxf3+ 32. Kxf3 h5 33. gxh5 Kh7 34.
Ra1 Rd8 35. Kg4 Rd2 36. Bc5 Rg2+ 37. Kh3 Rd2 38. Ra7 Kg8 39. Rb7 Na3 40. Bd6
Nc4 41. Bc5 Na3 42. Bd6 Nc4 1/2-1/2

[Event "Liga Madrileña - DH 2018-2019"]
[Site "Madrid ESP"]
[Date "2019.01.27"]
[Round "7.3"]
[White "Plazuelo Pascual, Juan"]
[Black "Perez Gonzalez, Jose Manuel"]
[Result "1-0"]
[WhiteElo "2416"]
[BlackElo "2224"]
[PlyCount "61"]
[EventDate "2018.11.18"]
[EventType "team-tourn"]
[EventRounds "14"]
[EventCountry "ESP"]
[SourceTitle "Ajedrez en Madrid"]
[Source "lmi"]
[SourceDate "2018.11.18"]
[SourceVersion "1"]
[SourceVersionDate "2019.04.02"]
[SourceQuality "1"]
[WhiteTeam "Virgen de Atocha"]
[BlackTeam "Liberty Chess"]
[WhiteTeamCountry "ESP"]
[BlackTeamCountry "ESP"]

1. e4 c5 2. Nc3 d6 3. d4 cxd4 4. Qxd4 Nc6 5. Qd2 g6 6. b3 Bg7 7. Bb2 Nf6 8.
O-O-O O-O 9. Kb1 Be6 10. f3 Qa5 11. g4 Rac8 12. a3 a6 13. Nge2 Rc7 14. h4 Rfc8
15. h5 Ne5 16. Bg2 b5 17. hxg6 hxg6 18. g5 Nfd7 19. f4 Ng4 20. Nd5 Qxd2 21.
Nxe7+ Kf8 22. Rxd2 Kxe7 23. Bxg7 Ne3 24. Nd4 Nxg2 25. Rxg2 Rg8 26. Rh7 Nc5 27.
Bf6+ Ke8 28. b4 Nd7 29. Nxe6 fxe6 30. Re7+ Kf8 31. Rh2 1-0

[Event "Liga Madrileña - DH 2018-2019"]
[Site "Madrid ESP"]
[Date "2019.01.27"]
[Round "7.4"]
[White "Paredes Sanchez, Juan Antonio"]
[Black "Cabrera Trujillo, Jorge Juan"]
[Result "0-1"]
[WhiteElo "2150"]
[BlackElo "2323"]
[PlyCount "58"]
[EventDate "2018.11.18"]
[EventType "team-tourn"]
[EventRounds "14"]
[EventCountry "ESP"]
[SourceTitle "Ajedrez en Madrid"]
[Source "lmi"]
[SourceDate "2018.11.18"]
[SourceVersion "1"]
[SourceVersionDate "2019.04.02"]
[SourceQuality "1"]
[WhiteTeam "Liberty Chess"]
[BlackTeam "Virgen de Atocha"]
[WhiteTeamCountry "ESP"]
[BlackTeamCountry "ESP"]

1. e4 c5 2. Nf3 d6 3. d4 cxd4 4. Nxd4 Nf6 5. Nc3 a6 6. Bg5 Nbd7 7. f4 b5 8. a4
b4 9. Nd5 Bb7 10. Bxf6 Nxf6 11. Nxf6+ gxf6 12. Qh5 Rc8 13. O-O-O b3 14. Rd3 Qb6
15. Qd1 bxc2 16. Qd2 Bxe4 17. Rb3 Qa7 18. a5 Bh6 19. Rb6 e5 20. Ne2 O-O 21. Rg1
Rb8 22. Qe3 d5 23. g4 exf4 24. Qd2 Rxb6 25. axb6 Qxb6 26. h4 Rb8 27. Qc3 f3+
28. g5 fxe2 29. gxh6+ Qxg1 0-1

[Event "Liga Madrileña - DH 2018-2019"]
[Site "Madrid ESP"]
[Date "2019.01.27"]
[Round "7.5"]
[White "Aguilera Lopez, Alejandro"]
[Black "Barraza Caracuel, Ignacio"]
[Result "1/2-1/2"]
[WhiteElo "2207"]
[BlackElo "2096"]
[PlyCount "127"]
[EventDate "2018.11.18"]
[EventType "team-tourn"]
[EventRounds "14"]
[EventCountry "ESP"]
[SourceTitle "Ajedrez en Madrid"]
[Source "lmi"]
[SourceDate "2018.11.18"]
[SourceVersion "1"]
[SourceVersionDate "2019.04.02"]
[SourceQuality "1"]
[WhiteTeam "Virgen de Atocha"]
[BlackTeam "Liberty Chess"]
[WhiteTeamCountry "ESP"]
[BlackTeamCountry "ESP"]

1. d4 Nf6 2. Nf3 c5 3. e3 g6 4. Be2 Bg7 5. O-O b6 6. c4 O-O 7. Nc3 Bb7 8. d5 d6
9. e4 Nfd7 10. Bg5 h6 11. Bh4 Na6 12. Qd2 Nc7 13. Ne1 a6 14. f4 b5 15. cxb5
axb5 16. Nxb5 Nxb5 17. Bxb5 Ba6 18. Bxa6 Rxa6 19. Rf3 Qa8 20. a3 Rb8 21. Ra2
Nf6 22. Qe2 Ra4 23. Bxf6 Bxf6 24. Rd3 Bg7 25. h4 c4 26. Rg3 c3 27. bxc3 Rxa3
28. Rxa3 Qxa3 29. h5 Rb1 30. hxg6 fxg6 31. Qd2 Qa1 32. Kf1 Kh7 33. Re3 Rd1 34.
Qe2 Rc1 35. e5 Rxc3 36. exd6 Rxe3 37. Qxe3 Qa6+ 38. Nd3 Qxd6 39. Qe4 Qa6 40.
Ke2 Bf6 41. f5 g5 42. Kf3 Kg7 43. Kg4 Qd6 44. Kh3 h5 45. g3 Qa3 46. Qe2 Qb3 47.
Qe4 Qc2 48. g4 h4 49. Qf3 Qc3 50. Kg2 Qd2+ 51. Kf1 Qh2 52. Nc5 Qa2 53. Ne6+ Kf7
54. Qd3 Qa4 55. Qf3 Qa1+ 56. Kg2 Qa2+ 57. Kh3 Qb1 58. Nd8+ Kg7 59. Nc6 Qc2 60.
Nd8 Qd2 61. Ne6+ Kh6 62. Nd8 Kg7 63. Ne6+ Kf7 64. Nd8+ 1/2-1/2

[Event "Liga Madrileña - DH 2018-2019"]
[Site "Madrid ESP"]
[Date "2019.01.27"]
[Round "7.6"]
[White "Hinojar Diez, David"]
[Black "Vazquez Torres, Adrian"]
[Result "1-0"]
[WhiteElo "2107"]
[BlackElo "2168"]
[PlyCount "91"]
[EventDate "2018.11.18"]
[EventType "team-tourn"]
[EventRounds "14"]
[EventCountry "ESP"]
[SourceTitle "Ajedrez en Madrid"]
[Source "lmi"]
[SourceDate "2018.11.18"]
[SourceVersion "1"]
[SourceVersionDate "2019.04.02"]
[SourceQuality "1"]
[WhiteTeam "Liberty Chess"]
[BlackTeam "Virgen de Atocha"]
[WhiteTeamCountry "ESP"]
[BlackTeamCountry "ESP"]

1. e4 c5 2. Nf3 d6 3. d4 cxd4 4. Nxd4 Nf6 5. Nc3 a6 6. Bg5 e6 7. a4 Qa5 8. Qd2
Nc6 9. Nb3 Qc7 10. a5 Bd7 11. Be3 Ne5 12. Bb6 Qc8 13. Qd4 Nc6 14. Qe3 Nb4 15.
Rc1 d5 16. e5 Ng4 17. Qf4 h5 18. Be2 g6 19. O-O Nc6 20. Bxg4 hxg4 21. Rcd1 Bg7
22. Rfe1 Qb8 23. Qxg4 Nxe5 24. Qg3 Rh5 25. f4 Kf8 26. fxe5 Bxe5 27. Rxe5 Qxe5
28. Qxe5 Rxe5 29. Rf1 Bc6 30. Nd4 Bb5 31. Ndxb5 axb5 32. Bc5+ Kg8 33. b4 Rd8
34. Nxb5 Re2 35. c3 e5 36. Nd6 Rd7 37. Rd1 f5 38. Rxd5 e4 39. Re5 Rc2 40. Re8+
Kh7 41. Bd4 g5 42. Nxf5 Kg6 43. Ng3 Rf7 44. h3 Rc1+ 45. Kh2 g4 46. Re6+ 1-0

[Event "Liga Madrileña - DH 2018-2019"]
[Site "Madrid ESP"]
[Date "2019.02.02"]
[Round "8.1"]
[White "Martinez Reyes, Pedro Ramon"]
[Black "Moreno Trujillo, Alejandro"]
[Result "1/2-1/2"]
[WhiteElo "2398"]
[BlackElo "2521"]
[PlyCount "127"]
[EventDate "2018.11.18"]
[EventType "team-tourn"]
[EventRounds "14"]
[EventCountry "ESP"]
[SourceTitle "Ajedrez en Madrid"]
[Source "lmi"]
[SourceDate "2018.11.18"]
[SourceVersion "1"]
[SourceVersionDate "2019.04.02"]
[SourceQuality "1"]
[WhiteTeam "Blanco y Negro"]
[BlackTeam "64 Villalba"]
[WhiteTeamCountry "ESP"]
[BlackTeamCountry "ESP"]

1. e4 e6 2. d4 d5 3. Nc3 Bb4 4. Qd3 dxe4 5. Qxe4 Nf6 6. Qh4 Nc6 7. Nf3 Nd5 8.
Bg5 Nce7 9. a3 Ba5 10. b4 Nxc3 11. bxa5 Qd6 12. Bxe7 Qxe7 13. Qg3 O-O 14. Bd3
Nd5 15. O-O c5 16. Rfe1 cxd4 17. Nxd4 Qc7 18. Qh4 g6 19. c4 Qf4 20. Qxf4 Nxf4
21. Bf1 Rd8 22. Rad1 Bd7 23. g3 Nh5 24. Nb5 a6 25. Nd6 Ba4 26. Rd3 Rd7 27. Bg2
Rb8 28. Rd2 Bc6 29. Rb1 Bxg2 30. Kxg2 Rbd8 31. c5 Rc7 32. Rdb2 Nf6 33. Rxb7
Rxc5 34. Nxf7 Rd7 35. Rxd7 Nxd7 36. Nh6+ Kf8 37. Rd1 Rd5 38. Rxd5 exd5 39. Kf3
Ke7 40. Ke3 Kd6 41. Kd4 Ne5 42. h4 Nc6+ 43. Kd3 Ke6 44. Ng4 Nxa5 45. Ne3 Kd6
46. f4 Nb3 47. g4 Nc5+ 48. Kc3 Ne6 49. Ng2 Nd8 50. Kd4 Nc6+ 51. Kd3 h5 52. gxh5
gxh5 53. f5 Ke5 54. f6 Nd8 55. Ke3 Kxf6 56. Nf4 Ke5 57. Nxh5 Nf7 58. Ng3 Nd6
59. h5 Nc4+ 60. Kd3 Nxa3 61. h6 Kf6 62. Nf5 Kg6 63. Ne7+ Kxh6 64. Nxd5 1/2-1/2

[Event "Liga Madrileña - DH 2018-2019"]
[Site "Madrid ESP"]
[Date "2019.02.02"]
[Round "8.2"]
[White "Pulvett Marin, Daniel Eduardo"]
[Black "Bolado Saez, Sergio"]
[Result "0-1"]
[WhiteElo "2464"]
[BlackElo "2360"]
[PlyCount "60"]
[EventDate "2018.11.18"]
[EventType "team-tourn"]
[EventRounds "14"]
[EventCountry "ESP"]
[SourceTitle "Ajedrez en Madrid"]
[Source "lmi"]
[SourceDate "2018.11.18"]
[SourceVersion "1"]
[SourceVersionDate "2019.04.02"]
[SourceQuality "1"]
[WhiteTeam "64 Villalba"]
[BlackTeam "Blanco y Negro"]
[WhiteTeamCountry "ESP"]
[BlackTeamCountry "ESP"]

1. d4 Nf6 2. c4 e6 3. Nf3 d5 4. g3 Bb4+ 5. Bd2 Be7 6. Bg2 O-O 7. Qc2 Na6 8. O-O
c5 9. Rd1 Qb6 10. Be1 Bd7 11. cxd5 Nxd5 12. Ne5 Be8 13. dxc5 Nxc5 14. Na3 Rd8
15. Nec4 Qc7 16. Rac1 Qb8 17. e4 Nf6 18. Rxd8 Qxd8 19. e5 Nd5 20. Nd6 Bxd6 21.
exd6 b6 22. b4 Nd7 23. Bxd5 exd5 24. Qc7 Qf6 25. Bc3 d4 26. Ba1 Ne5 27. f4 Nd3
28. Rd1 Qe6 29. Bxd4 Qe4 30. Qc2 Bc6 0-1

[Event "Liga Madrileña - DH 2018-2019"]
[Site "Madrid ESP"]
[Date "2019.02.02"]
[Round "8.3"]
[White "Alarcia Astiz, Carlos"]
[Black "Soham, Das"]
[Result "0-1"]
[WhiteElo "2299"]
[BlackElo "2389"]
[PlyCount "74"]
[EventDate "2018.11.18"]
[EventType "team-tourn"]
[EventRounds "14"]
[EventCountry "ESP"]
[SourceTitle "Ajedrez en Madrid"]
[Source "lmi"]
[SourceDate "2018.11.18"]
[SourceVersion "1"]
[SourceVersionDate "2019.04.02"]
[SourceQuality "1"]
[WhiteTeam "Blanco y Negro"]
[BlackTeam "64 Villalba"]
[WhiteTeamCountry "ESP"]
[BlackTeamCountry "ESP"]

1. e4 c5 2. Nf3 d6 3. d4 cxd4 4. Nxd4 Nf6 5. Nc3 a6 6. f4 Qc7 7. Bd3 e5 8. Nf3
Nbd7 9. O-O g6 10. Kh1 Bg7 11. Qe1 b5 12. a3 Bb7 13. Qh4 h6 14. fxe5 dxe5 15.
Be3 Nc5 16. Bxc5 Qxc5 17. Nd2 Rd8 18. Nb3 Qc7 19. a4 b4 20. Na2 O-O 21. a5 Nxe4
22. Bxe4 Qc4 23. Qe1 Bxe4 24. Nd2 Bxg2+ 25. Kxg2 Qd5+ 26. Nf3 e4 27. Ng1 Bxb2
28. Rd1 Qxa2 29. Rxd8 Rxd8 30. Qxb4 e3 31. Nf3 Bf6 32. Qc5 Qe6 33. Qb4 Rc8 34.
Rc1 Rc4 35. Qb8+ Kg7 36. h3 Qe4 37. Qb3 Rc3 0-1

[Event "Liga Madrileña - DH 2018-2019"]
[Site "Madrid ESP"]
[Date "2019.02.02"]
[Round "8.4"]
[White "Ruperez Benito, Antonio"]
[Black "Shen, Yue"]
[Result "1-0"]
[WhiteElo "2340"]
[BlackElo "2272"]
[PlyCount "95"]
[EventDate "2018.11.18"]
[EventType "team-tourn"]
[EventRounds "14"]
[EventCountry "ESP"]
[SourceTitle "Ajedrez en Madrid"]
[Source "lmi"]
[SourceDate "2018.11.18"]
[SourceVersion "1"]
[SourceVersionDate "2019.04.02"]
[SourceQuality "1"]
[WhiteTeam "64 Villalba"]
[BlackTeam "Blanco y Negro"]
[WhiteTeamCountry "ESP"]
[BlackTeamCountry "ESP"]

1. e4 c5 2. Nf3 d6 3. Bb5+ Bd7 4. Bxd7+ Qxd7 5. c4 Qg4 6. O-O Nc6 7. Nc3 Nf6 8.
h3 Qh5 9. Nd5 Rc8 10. Nf4 Qh6 11. d3 g5 12. Nd5 Qg7 13. Bxg5 Rg8 14. g3 Nd7 15.
Kh2 e6 16. Nc3 a6 17. Rc1 Qh8 18. Be3 Bg7 19. Qd2 h5 20. Bg5 Qh7 21. Ne2 Bh8
22. Rcd1 Rg6 23. Bh4 Bg7 24. Ng5 Qg8 25. f4 Bh6 26. Qc2 e5 27. Nf3 Rc7 28. f5
Rg7 29. Nc3 Rc8 30. Nd5 Rb8 31. a3 Qh7 32. b4 Rg8 33. b5 axb5 34. cxb5 Nd4 35.
Nxd4 exd4 36. b6 Bg5 37. Qa4 Qh6 38. Bxg5 Qxg5 39. Rg1 Kd8 40. Qc2 Ne5 41. Rdf1
Ra8 42. a4 Kd7 43. Qb3 Ra5 44. Rg2 Rg7 45. Nc7 Qe3 46. Qd5 Qxd3 47. Qxb7 Kd8
48. Qb8+ 1-0

[Event "Liga Madrileña - DH 2018-2019"]
[Site "Madrid ESP"]
[Date "2019.02.02"]
[Round "8.5"]
[White "Hidalgo Duque, Carlos"]
[Black "Longa Yauca, Javier"]
[Result "1-0"]
[WhiteElo "2221"]
[BlackElo "2241"]
[PlyCount "77"]
[EventDate "2018.11.18"]
[EventType "team-tourn"]
[EventRounds "14"]
[EventCountry "ESP"]
[SourceTitle "Ajedrez en Madrid"]
[Source "lmi"]
[SourceDate "2018.11.18"]
[SourceVersion "1"]
[SourceVersionDate "2019.04.02"]
[SourceQuality "1"]
[WhiteTeam "Blanco y Negro"]
[BlackTeam "64 Villalba"]
[WhiteTeamCountry "ESP"]
[BlackTeamCountry "ESP"]

1. Nf3 d5 2. d4 Nf6 3. c4 c6 4. e3 g6 5. Nc3 Bg7 6. Be2 O-O 7. O-O Nbd7 8. cxd5
Nxd5 9. e4 N5b6 10. a4 a5 11. Be3 Nf6 12. h3 Be6 13. b3 Ne8 14. Rc1 h6 15. Ne5
Kh7 16. Nc4 Nc8 17. d5 cxd5 18. Nxd5 Bxd5 19. Qxd5 Qxd5 20. exd5 Nf6 21. Bf3
Rd8 22. Rfd1 Ra6 23. Bd2 b6 24. Be3 Nd7 25. d6 Ra7 26. dxe7 Re8 27. Na3 Nc5 28.
Bc6 Rexe7 29. Nb5 Rxe3 30. Nxa7 Nxa7 31. fxe3 Nxc6 32. Rd6 Ne5 33. Rxb6 Ned3
34. Rc4 Bf8 35. Rb5 Ne6 36. Rxa5 Bc5 37. Raxc5 Ndxc5 38. a5 Nd7 39. b4 1-0

[Event "Liga Madrileña - DH 2018-2019"]
[Site "Madrid ESP"]
[Date "2019.02.02"]
[Round "8.6"]
[White "Garcia Guitian, Angel"]
[Black "Herranz Sanchez, Pablo"]
[Result "0-1"]
[WhiteElo "1776"]
[BlackElo "2027"]
[PlyCount "54"]
[EventDate "2018.11.18"]
[EventType "team-tourn"]
[EventRounds "14"]
[EventCountry "ESP"]
[SourceTitle "Ajedrez en Madrid"]
[Source "lmi"]
[SourceDate "2018.11.18"]
[SourceVersion "1"]
[SourceVersionDate "2019.04.02"]
[SourceQuality "1"]
[WhiteTeam "64 Villalba"]
[BlackTeam "Blanco y Negro"]
[WhiteTeamCountry "ESP"]
[BlackTeamCountry "ESP"]

1. c4 c5 2. Nc3 Nc6 3. g3 g6 4. Bg2 Bg7 5. Nf3 e6 6. e4 Nge7 7. O-O O-O 8. d3
a6 9. Bd2 Rb8 10. a3 b5 11. cxb5 axb5 12. Rb1 b4 13. Ne2 Ba6 14. Be3 bxa3 15.
bxa3 Qa5 16. Qc2 Qxa3 17. Rxb8 Rxb8 18. Nc1 d6 19. Nd2 Nd4 20. Bxd4 Bxd4 21.
Nc4 Bxc4 22. Qxc4 Rb2 23. Bf3 Nc6 24. Bd1 Ne5 25. Qa4 Qxa4 26. Bxa4 Ng4 27. Kg2
Ne3+ 0-1

[Event "Liga Madrileña - DH 2018-2019"]
[Site "Madrid ESP"]
[Date "2019.02.03"]
[Round "8.1"]
[White "Valles Moreno, Ivan"]
[Black "Vallejo Diaz, Javier"]
[Result "1/2-1/2"]
[WhiteElo "2413"]
[BlackElo "2371"]
[PlyCount "76"]
[EventDate "2018.11.18"]
[EventType "team-tourn"]
[EventRounds "14"]
[EventCountry "ESP"]
[SourceTitle "Ajedrez en Madrid"]
[Source "lmi"]
[SourceDate "2018.11.18"]
[SourceVersion "1"]
[SourceVersionDate "2019.04.02"]
[SourceQuality "1"]
[WhiteTeam "Liberty Chess"]
[BlackTeam "Alcorcon"]
[WhiteTeamCountry "ESP"]
[BlackTeamCountry "ESP"]

1. Nf3 d5 2. e3 Nf6 3. c4 c6 4. Nc3 g6 5. b3 Bg7 6. Bb2 O-O 7. Be2 Nbd7 8. d4
a6 9. a4 b6 10. O-O Bb7 11. Bd3 c5 12. Qe2 e6 13. Rfd1 Ra7 14. Rac1 Qa8 15. Rc2
Re8 16. Rdc1 Ne4 17. Nd1 Nd6 18. a5 dxc4 19. bxc4 bxa5 20. Ba3 Rc8 21. Nb2 Ne4
22. Na4 Bc6 23. Nxc5 Nexc5 24. dxc5 Bxf3 25. Qxf3 Qxf3 26. gxf3 Nxc5 27. Be2
Bf8 28. Rb1 Rb7 29. Rxb7 Nxb7 30. Bb2 Bb4 31. Bd4 Nc5 32. Rb2 Kf8 33. f4 Ke7
34. Rb1 Nd7 35. Kg2 f6 36. h4 e5 37. fxe5 fxe5 38. Ba1 Bd6 1/2-1/2

[Event "Liga Madrileña - DH 2018-2019"]
[Site "Madrid ESP"]
[Date "2019.02.03"]
[Round "8.2"]
[White "Gallardo Garcia, Andres"]
[Black "Fernandez Garcia, Miguel Angel"]
[Result "1/2-1/2"]
[WhiteElo "2316"]
[BlackElo "2298"]
[PlyCount "72"]
[EventDate "2018.11.18"]
[EventType "team-tourn"]
[EventRounds "14"]
[EventCountry "ESP"]
[SourceTitle "Ajedrez en Madrid"]
[Source "lmi"]
[SourceDate "2018.11.18"]
[SourceVersion "1"]
[SourceVersionDate "2019.04.02"]
[SourceQuality "1"]
[WhiteTeam "Alcorcon"]
[BlackTeam "Liberty Chess"]
[WhiteTeamCountry "ESP"]
[BlackTeamCountry "ESP"]

1. d4 d5 2. Nf3 Nf6 3. g3 Bf5 4. Bg2 c6 5. O-O h6 6. c4 e6 7. Nc3 Nbd7 8. Nd2
Be7 9. e4 dxe4 10. Ndxe4 Nxe4 11. Nxe4 O-O 12. Qb3 Qb6 13. Be3 Qxb3 14. axb3 a6
15. h3 Nf6 16. f3 Rfd8 17. Rfc1 Bg6 18. Nf2 Ne8 19. Ne4 Nd6 20. Bf2 Ne8 21. Rd1
Rd7 22. Kf1 Rad8 23. Ke2 f5 24. Nc5 Bxc5 25. dxc5 e5 26. Rxd7 Rxd7 27. Rd1 Rxd1
28. Kxd1 Kf7 29. Kd2 Ke6 30. Bf1 Nf6 31. Bd3 e4 32. fxe4 Nxe4+ 33. Bxe4 fxe4
34. Bd4 Kf7 35. Ke3 Bh7 36. h4 g5 1/2-1/2

[Event "Liga Madrileña - DH 2018-2019"]
[Site "Madrid ESP"]
[Date "2019.02.03"]
[Round "8.3"]
[White "Moreno Ibañez, Miguel"]
[Black "Vallejo Diaz, Jesus"]
[Result "1-0"]
[WhiteElo "2275"]
[BlackElo "2204"]
[PlyCount "71"]
[EventDate "2018.11.18"]
[EventType "team-tourn"]
[EventRounds "14"]
[EventCountry "ESP"]
[SourceTitle "Ajedrez en Madrid"]
[Source "lmi"]
[SourceDate "2018.11.18"]
[SourceVersion "1"]
[SourceVersionDate "2019.04.02"]
[SourceQuality "1"]
[WhiteTeam "Liberty Chess"]
[BlackTeam "Alcorcon"]
[WhiteTeamCountry "ESP"]
[BlackTeamCountry "ESP"]

1. e4 c5 2. Nf3 e6 3. b3 Nf6 4. e5 Nd5 5. Bb2 Nc6 6. g3 d6 7. exd6 Qxd6 8. Na3
f6 9. Bg2 Be7 10. O-O O-O 11. d4 Rd8 12. c3 a6 13. Nc4 Qc7 14. Ne3 cxd4 15.
Nxd5 Rxd5 16. Nxd4 Rd8 17. Qe2 Nxd4 18. cxd4 Bf8 19. Rfe1 Qb6 20. Rac1 Bb4 21.
Red1 Bd7 22. Qe4 Rab8 23. h4 Bd6 24. h5 Qa5 25. h6 g6 26. Bh3 f5 27. Qh4 Rf8
28. d5 e5 29. Bxe5 Bxe5 30. Qe7 Bb2 31. Qxd7 Rf7 32. Rc8+ Rxc8 33. Qxc8+ Rf8
34. Qxb7 Qc3 35. Qxa6 Qe5 36. Qe6+ 1-0

[Event "Liga Madrileña - DH 2018-2019"]
[Site "Madrid ESP"]
[Date "2019.02.03"]
[Round "8.4"]
[White "Medina Riesgo, Pedro"]
[Black "Perez Gonzalez, Jose Manuel"]
[Result "1-0"]
[WhiteElo "2141"]
[BlackElo "2231"]
[PlyCount "71"]
[EventDate "2018.11.18"]
[EventType "team-tourn"]
[EventRounds "14"]
[EventCountry "ESP"]
[SourceTitle "Ajedrez en Madrid"]
[Source "lmi"]
[SourceDate "2018.11.18"]
[SourceVersion "1"]
[SourceVersionDate "2019.04.02"]
[SourceQuality "1"]
[WhiteTeam "Alcorcon"]
[BlackTeam "Liberty Chess"]
[WhiteTeamCountry "ESP"]
[BlackTeamCountry "ESP"]

1. e4 d6 2. Nf3 c5 3. g3 Nc6 4. Bg2 Nf6 5. d3 g6 6. O-O Bg7 7. c3 Bg4 8. Nbd2
Qd7 9. Re1 O-O 10. Nc4 b5 11. Ne3 Bxf3 12. Bxf3 e5 13. Kg2 h5 14. h3 Nh7 15. h4
Nf6 16. a4 b4 17. a5 bxc3 18. bxc3 Rab8 19. Qa4 Rfd8 20. Bd2 Ne7 21. Qa2 d5 22.
exd5 Nfxd5 23. Nc4 e4 24. Rxe4 Nxc3 25. Bxc3 Bxc3 26. Ne5 Bxe5 27. Rxe5 Nc6 28.
Rxc5 Nb4 29. Qc4 Qxd3 30. Rd1 Qxc4 31. Rxd8+ Rxd8 32. Rxc4 Nd3 33. Be2 Ne5 34.
Rc5 f6 35. f4 Ng4 36. Rc7 1-0

[Event "Liga Madrileña - DH 2018-2019"]
[Site "Madrid ESP"]
[Date "2019.02.03"]
[Round "8.5"]
[White "Barraza Caracuel, Ignacio"]
[Black "Ramos del Campo, Alexander"]
[Result "1/2-1/2"]
[WhiteElo "2111"]
[BlackElo "2104"]
[PlyCount "27"]
[EventDate "2018.11.18"]
[EventType "team-tourn"]
[EventRounds "14"]
[EventCountry "ESP"]
[SourceTitle "Ajedrez en Madrid"]
[Source "lmi"]
[SourceDate "2018.11.18"]
[SourceVersion "1"]
[SourceVersionDate "2019.04.02"]
[SourceQuality "1"]
[WhiteTeam "Liberty Chess"]
[BlackTeam "Alcorcon"]
[WhiteTeamCountry "ESP"]
[BlackTeamCountry "ESP"]

1. Nf3 c5 2. c4 Nc6 3. d4 cxd4 4. Nxd4 Nf6 5. g3 Qb6 6. Nxc6 Qxc6 7. f3 Qxc4 8.
e4 Qc7 9. Nc3 e5 10. Bg5 Qb6 11. Qd2 Be7 12. O-O-O O-O 13. Kb1 Qd8 14. Bb5
1/2-1/2

[Event "Liga Madrileña - DH 2018-2019"]
[Site "Madrid ESP"]
[Date "2019.02.03"]
[Round "8.6"]
[White "Prada Lopez, Miguel Angel"]
[Black "Hinojar Diez, David"]
[Result "1-0"]
[WhiteElo "2115"]
[BlackElo "2119"]
[PlyCount "97"]
[EventDate "2018.11.18"]
[EventType "team-tourn"]
[EventRounds "14"]
[EventCountry "ESP"]
[SourceTitle "Ajedrez en Madrid"]
[Source "lmi"]
[SourceDate "2018.11.18"]
[SourceVersion "1"]
[SourceVersionDate "2019.04.02"]
[SourceQuality "1"]
[WhiteTeam "Alcorcon"]
[BlackTeam "Liberty Chess"]
[WhiteTeamCountry "ESP"]
[BlackTeamCountry "ESP"]

1. Nf3 Nf6 2. c4 c5 3. Nc3 Nc6 4. g3 g6 5. Bg2 Bg7 6. O-O O-O 7. d3 d5 8. cxd5
Nxd5 9. Bd2 Nxc3 10. bxc3 e5 11. Qc1 Qc7 12. Bh6 Re8 13. Bxg7 Kxg7 14. Qe3 Qe7
15. Nd2 Bd7 16. Rfb1 b6 17. a4 Rac8 18. Nc4 Nd8 19. Rb2 Rc7 20. f4 exf4 21.
Qxf4 Bc6 22. a5 b5 23. Nd6 a6 24. Bxc6 Rxc6 25. Nxe8+ Qxe8 26. Rf1 Nb7 27. c4
Re6 28. cxb5 axb5 29. Qc7 Re7 30. Qb6 Qd7 31. Qf6+ Kg8 32. a6 Nd8 33. Rxb5 Re6
34. Qb2 Rxa6 35. Rb8 Qc7 36. Rb1 Re6 37. e4 Qd6 38. Qc3 Qe7 39. Rc8 f5 40. Rbb8
Rd6 41. Qa5 fxe4 42. Rxd8+ Kg7 43. Rxd6 Qxd6 44. Rb7+ Kh6 45. Qd2+ g5 46. Qb2
Qxd3 47. Qf6+ Kh5 48. Rxh7+ Kg4 49. h3+ 1-0

[Event "Liga Madrileña - DH 2018-2019"]
[Site "Madrid ESP"]
[Date "2019.02.03"]
[Round "8.1"]
[White "Fernandez Blazquez, Diego"]
[Black "Vazquez Igarza, Renier"]
[Result "0-1"]
[WhiteElo "2248"]
[BlackElo "2551"]
[PlyCount "70"]
[EventDate "2018.11.18"]
[EventType "team-tourn"]
[EventRounds "14"]
[EventCountry "ESP"]
[SourceTitle "Ajedrez en Madrid"]
[Source "lmi"]
[SourceDate "2018.11.18"]
[SourceVersion "1"]
[SourceVersionDate "2019.04.02"]
[SourceQuality "1"]
[WhiteTeam "San Fernando de Henares"]
[BlackTeam "Collado Villalba"]
[WhiteTeamCountry "ESP"]
[BlackTeamCountry "ESP"]

1. d4 Nf6 2. c4 e6 3. g3 c5 4. d5 exd5 5. cxd5 d6 6. Nc3 g6 7. Bg2 Bg7 8. Nf3
O-O 9. O-O Nbd7 10. Bf4 Qe7 11. a4 b6 12. Nb5 Ne8 13. Bg5 Ndf6 14. h3 h6 15.
Be3 Ne4 16. Qc1 Kh7 17. Ra3 f5 18. Nd2 a6 19. Nxe4 axb5 20. Nd2 Rxa4 21. b3
Rxa3 22. Qxa3 Nc7 23. Rd1 Bb7 24. Nf1 Ra8 25. Qc1 Ra1 26. Qd2 Rxd1 27. Qxd1 Qf7
28. Bf4 Nxd5 29. Bxd6 Nc3 30. Qd3 Bxg2 31. Kxg2 Qxb3 32. Ne3 Qe6 33. g4 Qe4+
34. Qxe4 fxe4 35. Bc7 Bd4 0-1

[Event "Liga Madrileña - DH 2018-2019"]
[Site "Madrid ESP"]
[Date "2019.02.03"]
[Round "8.2"]
[White "Gascon del Nogal, Jose Rafael"]
[Black "Jimenez Lopez, Antonio"]
[Result "1/2-1/2"]
[WhiteElo "2457"]
[BlackElo "2202"]
[PlyCount "61"]
[EventDate "2018.11.18"]
[EventType "team-tourn"]
[EventRounds "14"]
[EventCountry "ESP"]
[SourceTitle "Ajedrez en Madrid"]
[Source "lmi"]
[SourceDate "2018.11.18"]
[SourceVersion "1"]
[SourceVersionDate "2019.04.02"]
[SourceQuality "1"]
[WhiteTeam "Collado Villalba"]
[BlackTeam "San Fernando de Henares"]
[WhiteTeamCountry "ESP"]
[BlackTeamCountry "ESP"]

1. e4 c5 2. Nf3 e6 3. d4 cxd4 4. Nxd4 Nf6 5. Nc3 Nc6 6. Ndb5 Bb4 7. a3 Bxc3+ 8.
Nxc3 d5 9. exd5 exd5 10. Bd3 O-O 11. O-O d4 12. Ne2 Re8 13. Bg5 Re5 14. Bf4 Rd5
15. Qd2 Bf5 16. Rad1 Bxd3 17. Qxd3 Qb6 18. Bg3 Rc8 19. Nf4 Rc5 20. b4 Rc3 21.
Qf5 Ne7 22. Qe5 Nc6 23. Nd5 Nxd5 24. Qxd5 Rd8 25. Rfe1 h6 26. Qf5 a6 27. Bh4
Rf8 28. Re4 Qb5 29. Qd7 Rxc2 30. Re8 Re2 31. Rxf8+ 1/2-1/2